000 01854nam a22002297a 4500
003 OSt
005 20260424153154.0
008 260424b |||||||| |||| 00| 0 eng d
020 _a9789353455217
040 _cAACR-II
082 _a362.88 VIN
100 _aVinu P
_918923
245 _aCorpse collector: a true story
260 _aNew Delhi
_bJugggernaut Books
_c2026
300 _a238 p.
520 _aIn India, an unnatural death – an accident, a suicide, a killing –turns a human body into something untouchable. The moment life leaves it, caste, fear and stigma turn the deceased into an abomination, an object no one will approach. Families recoil,neighbours avert their eyes and even those tasked with public duty step back. And into that silence walks Vinu. A professional corpse collector, Vinu P does what society refuses to do. With compassion that seems bottomless, he gathers shattered bodies from roadsides and canals, helps the police with inquests and post-mortems, and buries the unclaimed dead with dignity. He is the last witness to countless lives – and yet, for the people he serves, he remains invisible, shunned and expendable. This searing memoir – written by Vinu P and Niyas Kareem, and translated from the Malayalam with elegance and clarity by the acclaimed Ministhy S. – tells the story of a man who has spent his life among the dead but is most wounded by the living. A critically acclaimed bestseller in Malayalam, it is a portrait of cruelty, neglect, and the quiet heroism that survives despite both. A literary work of rare power, The Corpse Collector forces us to confront the bodies we refuse to see – and the humanity we abandon with them.
650 _aBiography
_918924
650 _aAutobiography
_918925
650 _aMemoir
_918926
700 _aKareem, Niyas
_918927
942 _2ddc
_cB
999 _c360777
_d360777